000 00478nam a2200169Ia 4500
999 _c11961
_d11961
003 OSt
005 20201016105233.0
008 190216s9999||||xx |||||||||||||| ||und||
040 _coclc
082 _a823.5
_bSWI/G
100 _aSwift, Jonathan
_94910
245 0 _aGulliver`s Travels /
_cJonathan Swift
260 _bJ M Dent &sons Ltd,
_c1965.
_aLondon:
300 _a303p
650 _aEnglish Poetry
942 _cBK
_2ddc
_h823.5
_iSWI/G
_k823.5
_mSWI/G